[Event "Unive Open"]
[Site "Hoogeveen NED"]
[Date "2010.10.27"]
[Round "6"]
[White "Ernst, Sipke"]
[Black "Kempinski, Robert"]
[Result "1/2-1/2"]
[WhiteTitle "GM"]
[BlackTitle "GM"]
[WhiteElo "2587"]
[BlackElo "2615"]
[WhiteFideId "1004689"]
[BlackFideId "1105663"]
[EventDate "2010.10.22"]

1. d4 c6 2. c4 d5 3. Nf3 Nf6 4. Nc3 e6 5. Bg5 h6 6. Bh4 Be7 7. e3 O-O 8. Bd3
dxc4 9. Bxc4 c5 10. O-O cxd4 11. exd4 Nc6 12. a3 Nd5 13. Bxd5 exd5 14. Bxe7 Nxe7
15. Qb3 Qb6 16. Qxb6 axb6 17. Rfe1 Be6 18. Nb5 Rfc8 19. Rac1 Rxc1 20. Rxc1 Nc6
21. Ne5 Ra5 22. b4 Ra6 23. f4 Nxe5 24. dxe5 Bd7 25. Nd6 d4 26. Ra1 f6 27. exf6
gxf6 28. Kf2 Kf8 29. Nxb7 Ke7 30. Re1+ Kf8 31. Ra1 Ke7 32. Re1+ Kf8 33. Ra1 1/2-1/2

[Event "Unive Open"]
[Site "Hoogeveen NED"]
[Date "2010.10.27"]
[Round "6"]
[White "L'Ami, Erwin"]
[Black "Ikonnikov, Vyacheslav"]
[Result "1/2-1/2"]
[WhiteTitle "GM"]
[BlackTitle "GM"]
[WhiteElo "2624"]
[BlackElo "2571"]
[WhiteFideId "1007998"]
[BlackFideId "4100972"]
[EventDate "2010.10.22"]

1. c4 Nf6 2. d4 e6 3. Bd2 Bb4 4. Nf3 Qe7 5. g3 Nc6 6. Nc3 O-O 7. Bg2 d6 8. d5
Ne5 9. Nxe5 dxe5 10. a3 Bd6 11. O-O exd5 12. cxd5 h6 13. Nb5 Bf5 14. Nxd6 cxd6
15. f3 Qc7 16. e4 Qb6+ 17. Rf2 Bd7 18. Qe1 Rfc8 19. Ba5 Qc5 20. Qb4 Qxb4 21.
Bxb4 Ne8 22. Bf1 a5 23. Be1 Kf8 24. b4 axb4 25. Bxb4 Ke7 26. Rb2 Nc7 27. Bd2 b5
28. Rc2 Na6 29. Rxc8 Rxc8 30. a4 Nc5 31. axb5 Nb3 32. Ra2 Nxd2 33. Rxd2 Rc1 34.
Kf2 Rb1 35. Ra2 Bxb5 36. Ra7+ Ke8 37. Bxb5+ Rxb5 38. g4 Rb8 39. Kg3 Rc8 40. h4
Rb8 41. Ra3 Rb2 42. Ra8+ Ke7 43. Ra7+ Ke8 44. Ra1 Ke7 45. g5 hxg5 46. hxg5 g6
47. Ra7+ 1/2-1/2

[Event "Unive Open"]
[Site "Hoogeveen NED"]
[Date "2010.10.27"]
[Round "6"]
[White "Nijboer, Friso"]
[Black "Nyzhnyk, Illya"]
[Result "1-0"]
[WhiteTitle "GM"]
[BlackTitle "IM"]
[WhiteElo "2582"]
[BlackElo "2538"]
[WhiteFideId "1000063"]
[BlackFideId "14118084"]
[EventDate "2010.10.22"]

1. e4 c5 2. Nf3 d6 3. d4 cxd4 4. Nxd4 Nf6 5. Nc3 a6 6. Be3 e5 7. Nb3 Be6 8. f3
h5 9. Qd2 Nbd7 10. O-O-O Rc8 11. Kb1 Qc7 12. g3 Be7 13. Nd5 Nxd5 14. exd5 Bf5
15. Bd3 Bxd3 16. Qxd3 O-O 17. h3 f5 18. c3 Qc4 19. Qc2 Rf7 20. g4 Rcf8 21. gxh5
Qh4 22. Na5 b5 23. h6 g6 24. c4 Kh7 25. cxb5 axb5 26. Qc6 Qa4 27. Qxd7 Qxa5 28.
Bd2 Qa4 29. Rhg1 Qh4 30. Qxb5 Qxh3 31. f4 e4 32. Bc3 Bf6 33. Bxf6 Rxf6 34. Rc1
R6f7 35. Qb6 Qd3+ 36. Ka1 1-0

[Event "Unive Open"]
[Site "Hoogeveen NED"]
[Date "2010.10.27"]
[Round "6"]
[White "Raznikov, Danny"]
[Black "Vocaturo, Daniele"]
[Result "0-1"]
[WhiteTitle "FM"]
[BlackTitle "GM"]
[WhiteElo "2354"]
[BlackElo "2581"]
[WhiteFideId "2811154"]
[BlackFideId "813192"]
[EventDate "2010.10.22"]

1. c4 Nf6 2. d4 c5 3. d5 d6 4. Nc3 g6 5. Nf3 Bg7 6. h3 e5 7. e4 Nbd7 8. Bg5 a6
9. a4 h6 10. Be3 Nh5 11. Nd2 Bf6 12. Nf3 Bg7 13. Nd2 Bf6 14. Nf3 Qe7 15. g3 Bg7
16. Be2 Nhf6 17. Rb1 h5 18. Qd2 Ng8 19. a5 Bh6 20. Bxh6 Nxh6 21. g4 Ng8 22. g5
Qd8 23. Na4 b5 24. axb6 Nxb6 25. Nxc5 dxc5 26. Nxe5 Ne7 27. Qe3 O-O 28. Qxc5 Nd7
29. Nxd7 Bxd7 30. h4 Rc8 31. Qd6 Re8 32. O-O Nf5 33. exf5 Rxe2 34. fxg6 Rxc4 35.
gxf7+ Kxf7 36. Qh6 Rg4+ 37. Kh2 Rxh4+ 38. Kg2 Bf5 0-1

[Event "Unive Open"]
[Site "Hoogeveen NED"]
[Date "2010.10.27"]
[Round "6"]
[White "Sengupta, Deep"]
[Black "Stella, Andrea"]
[Result "1/2-1/2"]
[WhiteTitle "GM"]
[BlackTitle "FM"]
[WhiteElo "2558"]
[BlackElo "2334"]
[WhiteFideId "5008352"]
[BlackFideId "827061"]
[EventDate "2010.10.22"]

1. e4 g6 2. d4 Bg7 3. Nc3 c6 4. Nf3 d6 5. Be3 Nf6 6. Qd2 Qa5 7. h3 Nbd7 8. Bd3
e5 9. O-O O-O 10. Rad1 Re8 11. a3 Nf8 12. d5 cxd5 13. Nxd5 Qxd2 14. Nxf6+ Bxf6
15. Rxd2 Be6 16. Bb5 Rec8 17. Ng5 Bc4 18. Bxc4 Rxc4 19. Rxd6 Be7 20. Rd2 f6 21.
Nf3 Rxe4 22. b3 Bxa3 23. Rd5 a6 24. Rfd1 Rc8 25. c4 Bb4 26. Rd8 Rxd8 27. Rxd8 a5
28. Ra8 h5 29. Kf1 Kf7 30. Ra7 Ne6 31. Rxb7+ Ke8 32. Rb6 Kd7 33. g3 g5 34. Rb7+
Ke8 35. Nd2 Rxe3 36. Rxb4 axb4 37. fxe3 Nc5 38. e4 g4 1/2-1/2

[Event "Unive Open"]
[Site "Hoogeveen NED"]
[Date "2010.10.27"]
[Round "6"]
[White "Haslinger, Stewart G"]
[Black "Rombaldoni, Axel"]
[Result "1-0"]
[WhiteTitle "GM"]
[BlackTitle "IM"]
[WhiteElo "2543"]
[BlackElo "2453"]
[WhiteFideId "405248"]
[BlackFideId "815837"]
[EventDate "2010.10.22"]

1. e4 c5 2. Nf3 d6 3. c3 Nf6 4. h3 Nc6 5. Bd3 g6 6. O-O Bg7 7. Bc2 O-O 8. d4
cxd4 9. cxd4 e5 10. d5 Nb4 11. Nc3 Nxc2 12. Qxc2 Nh5 13. a4 a6 14. a5 h6 15. Na4
Qxa5 16. Be3 Qd8 17. Bb6 Qf6 18. Bc7 Bd7 19. Nb6 Bb5 20. Nxa8 Rxa8 21. Rfe1 Nf4
22. Ra3 g5 23. Bb6 Qg6 24. Rb3 Kh7 25. Be3 g4 26. hxg4 Nxg2 27. Ng5+ hxg5 28.
Kxg2 Bd7 29. Rh1+ Kg8 30. f3 1-0

[Event "Unive Open"]
[Site "Hoogeveen NED"]
[Date "2010.10.27"]
[Round "6"]
[White "Hendriks, Peter"]
[Black "Matsenko, Sergei"]
[Result "0-1"]
[BlackTitle "IM"]
[WhiteElo "2082"]
[BlackElo "2461"]
[WhiteFideId "1009516"]
[BlackFideId "4170083"]
[EventDate "2010.10.22"]

1. d4 d5 2. c4 e6 3. Nc3 c6 4. Nf3 Nf6 5. Bg5 h6 6. Bh4 Be7 7. Qc2 O-O 8. e3
Nbd7 9. Bd3 dxc4 10. Bxc4 b5 11. Bb3 a5 12. a4 Ba6 13. Ne5 Nxe5 14. dxe5 Nd7 15.
Bxe7 Qxe7 16. axb5 cxb5 17. Rxa5 b4 18. Ne2 Rac8 19. Qd1 Nc5 20. Bc2 b3 21. Bb1
Rfd8 22. Nd4 Nd3+ 23. Bxd3 Qb4+ 24. Qd2 Rc1+ 25. Ke2 Bxd3+ 26. Kxd3 Qc4+ 27. Ke4
Rxh1 0-1

[Event "Unive Open"]
[Site "Hoogeveen NED"]
[Date "2010.10.27"]
[Round "6"]
[White "Naroditsky, Daniel"]
[Black "Vedder, Henk"]
[Result "0-1"]
[WhiteTitle "FM"]
[WhiteElo "2425"]
[BlackElo "2372"]
[WhiteFideId "2026961"]
[BlackFideId "1002872"]
[EventDate "2010.10.22"]

1. e4 e6 2. d4 d5 3. Nd2 c5 4. Ngf3 Nf6 5. e5 Nfd7 6. c3 b6 7. Bb5 Ba6 8. a4 Be7
9. O-O O-O 10. Re1 Qc7 11. Nf1 Rc8 12. Bf4 Nf8 13. h4 Qb7 14. Qe2 Bxb5 15. axb5
a6 16. bxa6 Nxa6 17. h5 h6 18. N1h2 Nh7 19. Ng4 Bf8 20. Qe3 cxd4 21. Nxd4 Nc5
22. Qe2 Rxa1 23. Rxa1 Ra8 24. Rxa8 Qxa8 25. Qb5 Qa1+ 26. Kh2 Qd1 27. f3 Nd3 28.
Bg3 Qd2 29. Qxb6 Nxb2 30. Qb8 Qxc3 31. Nb5 Qb4 32. Bh4 Qf4+ 33. Kg1 f5 34. Nc7
fxg4 35. Nxe6 Qe3+ 36. Bf2 Qc1+ 37. Kh2 Nd3 38. Nxf8 Nxf8 39. e6 Nxf2 40. e7 g3+ 0-1

[Event "Unive Open"]
[Site "Hoogeveen NED"]
[Date "2010.10.27"]
[Round "6"]
[White "Saravanan, V."]
[Black "Kollen, Zyon"]
[Result "1-0"]
[WhiteTitle "IM"]
[WhiteElo "2408"]
[BlackElo "2046"]
[WhiteFideId "5000580"]
[BlackFideId "1024256"]
[EventDate "2010.10.22"]

1. Nf3 Nf6 2. c4 e6 3. Nc3 Bb4 4. Qc2 O-O 5. a3 Bxc3 6. Qxc3 b6 7. e3 Bb7 8. Be2
Ne4 9. Qc2 d6 10. d3 Ng5 11. Bd2 Nxf3+ 12. gxf3 Qf6 13. Bc3 e5 14. O-O-O Bxf3
15. Bxf3 Qxf3 16. Rhg1 Nd7 17. Rg3 Qf5 18. f4 f6 19. Qg2 Nc5 20. Rxg7+ Kh8 21.
Rxc7 Rg8 22. Qd5 Qh3 23. Qxd6 Ne6 24. Re7 Rg1 25. Rxg1 Qxe3+ 26. Kc2 Qf2+ 27.
Kb3 Nc5+ 28. Ka2 1-0

[Event "Unive Open"]
[Site "Hoogeveen NED"]
[Date "2010.10.27"]
[Round "6"]
[White "Dolgova, Olga"]
[Black "Ulibin, Mikhail"]
[Result "0-1"]
[WhiteTitle "WIM"]
[BlackTitle "GM"]
[WhiteElo "2262"]
[BlackElo "2544"]
[WhiteFideId "4158296"]
[BlackFideId "4101405"]
[EventDate "2010.10.22"]

1. d4 e6 2. c4 f5 3. Nc3 Nf6 4. Bg5 Be7 5. e3 O-O 6. Bd3 d6 7. f3 c5 8. Nge2 Nc6
9. O-O Qb6 10. a3 Bd7 11. Rb1 cxd4 12. Na4 Qd8 13. exd4 e5 14. d5 Na5 15. b4
Nxc4 16. Bxc4 b5 17. Nac3 bxc4 18. b5 Qb6+ 19. Kh1 Bd8 20. Qc1 Qb7 21. Rd1 Rc8
22. a4 Ba5 23. Qa3 Qc7 24. Be3 f4 25. Bg1 Bf5 26. Rbc1 Rfd8 27. Na2 Qb7 28. Nec3
e4 29. fxe4 Nxe4 30. Rd4 Re8 31. Nxe4 Bxe4 32. Qxd6 f3 33. Bf2 Bc7 34. Qb4 fxg2+
35. Kg1 Bxd5 36. Nc3 Bf7 37. Rg4 Rcd8 38. Rxg2 Rd3 39. a5 Bf4 40. Qb2 Bxc1 41.
Qxc1 Bd5 42. Rg5 Bf3 43. h4 Qd7 44. Kh2 Rd2 45. Qg1 Qd4 0-1

[Event "Unive Open"]
[Site "Hoogeveen NED"]
[Date "2010.10.27"]
[Round "6"]
[White "Caspi, Israel"]
[Black "Bijlsma, Nick"]
[Result "1-0"]
[WhiteTitle "IM"]
[WhiteElo "2457"]
[BlackElo "2138"]
[WhiteFideId "2807394"]
[BlackFideId "1007041"]
[EventDate "2010.10.22"]

1. Nf3 Nf6 2. c4 g6 3. Nc3 d5 4. cxd5 Nxd5 5. h4 Nc6 6. h5 Nxc3 7. bxc3 Bg7 8.
Qa4 Bd7 9. hxg6 hxg6 10. Rxh8+ Bxh8 11. Qh4 Bf6 12. Qh7 Be6 13. e4 Kd7 14. d4
Qh8 15. Qxh8 Rxh8 16. Ng5 Rh1 17. Nxe6 fxe6 18. e5 Bg7 19. f4 Nd8 20. Kf2 Bh6
21. g4 1-0

[Event "Unive Open"]
[Site "Hoogeveen NED"]
[Date "2010.10.27"]
[Round "6"]
[White "Tondivar, Babak"]
[Black "Hendriks, Willy"]
[Result "1/2-1/2"]
[WhiteTitle "FM"]
[BlackTitle "IM"]
[WhiteElo "2302"]
[BlackElo "2424"]
[WhiteFideId "12501239"]
[BlackFideId "1000713"]
[EventDate "2010.10.22"]

1. d4 Nf6 2. c4 c5 3. d5 b5 4. Nf3 d6 5. cxb5 a6 6. b6 g6 7. Nc3 Bg7 8. a4 Qxb6
9. Nd2 O-O 10. e4 Qb4 11. a5 Bd7 12. Be2 Bb5 13. O-O Nbd7 14. Re1 Ne5 15. Ra3
Rfb8 16. Qc2 Bxe2 17. Rxe2 Ne8 18. Ra4 Qb7 19. f4 Nd7 20. Nf3 Nc7 21. Qd3 Nb5
22. e5 Nxc3 23. bxc3 Qb1 24. Qd1 Qb3 25. Qxb3 Rxb3 26. Bd2 Rb2 27. Rae4 f5 28.
exf6 Nxf6 29. Rxe7 Nxd5 30. Rd7 Bxc3 31. Rxd6 Nxf4 32. Re7 Bxd2 33. Nxd2 Rf8 34.
Rdd7 Nh5 35. Nf3 Nf6 36. Ra7 c4 37. Rec7 c3 38. h3 c2 39. Kh2 Rf7 40. Nd4 Rxc7
41. Rxc7 Ra2 42. Nxc2 Rxa5 43. Nb4 Ra3 44. Rc6 a5 45. Nc2 Ra2 46. Rxf6 Rxc2 47.
Ra6 Rc5 48. Ra7 h5 49. h4 Kf8 50. Kg3 g5 51. hxg5 Rxg5+ 52. Kh4 Rb5 53. g4 hxg4 1/2-1/2

[Event "Unive Open"]
[Site "Hoogeveen NED"]
[Date "2010.10.27"]
[Round "6"]
[White "Ris, Robert"]
[Black "Archangelsky, Mikhail"]
[Result "1-0"]
[WhiteTitle "IM"]
[BlackTitle "IM"]
[WhiteElo "2416"]
[BlackElo "2212"]
[WhiteFideId "1011480"]
[BlackFideId "4117573"]
[EventDate "2010.10.22"]

1. d4 d5 2. c4 c6 3. Nf3 Nf6 4. Nc3 a6 5. g3 dxc4 6. Bg2 c5 7. dxc5 Qxd1+ 8.
Nxd1 e6 9. Be3 Ng4 10. Rc1 Nxe3 11. Nxe3 Bxc5 12. Ne5 Bb4+ 13. Kd1 Nd7 14. Rxc4
Bd6 15. Nd3 Ne5 16. Nxe5 Bxe5 17. Kc2 Rb8 18. Rd1 O-O 19. Ng4 b5 20. Rc5 Bf6 21.
Nxf6+ gxf6 22. Rd6 f5 23. Kb3 Kg7 24. Kb4 Kf6 25. Ka5 Ke7 26. Rd4 Rd8 27. Rc7+
Rd7 28. Rdxd7+ Bxd7 29. Bc6 Kd6 30. Rb7 Rxb7 31. Bxb7 Kc5 32. b4+ Kd4 33. Bxa6
Bc6 34. Bxb5 Bd5 35. a4 Kc3 36. Kb6 Kxb4 37. a5 Ba8 38. a6 1-0

[Event "Unive Open"]
[Site "Hoogeveen NED"]
[Date "2010.10.27"]
[Round "6"]
[White "Timmermans, Ivo"]
[Black "De Jong, Migchiel"]
[Result "1-0"]
[BlackTitle "FM"]
[WhiteElo "2209"]
[BlackElo "2397"]
[WhiteFideId "1002910"]
[BlackFideId "1002848"]
[EventDate "2010.10.22"]

1. e4 c5 2. Nf3 e6 3. d4 cxd4 4. Nxd4 a6 5. Nc3 Qc7 6. Bd3 Nf6 7. f4 Bb4 8. O-O
Bc5 9. Ne2 d6 10. Kh1 b5 11. Qe1 Bb7 12. Qg3 Nbd7 13. a4 b4 14. Be3 Nxe4 15.
Qxg7 O-O-O 16. Qxf7 Rhg8 17. Rf3 e5 18. Ne6 Bxe3 19. Nxc7 Kxc7 20. Rxe3 Nf2+ 21.
Kg1 Rxg2+ 22. Kf1 Ng4 23. Rg3 Nxh2+ 24. Ke1 Nf3+ 25. Rxf3 Bxf3 26. fxe5 Rf8 27.
Qc4+ Nc5 28. Nf4 Rxf4 29. Qxf4 Bd5 30. Qd4 Kc6 31. exd6 b3 32. c4 1-0

[Event "Unive Open"]
[Site "Hoogeveen NED"]
[Date "2010.10.27"]
[Round "6"]
[White "Bezemer, Arno"]
[Black "Slingerland, Caroline"]
[Result "1/2-1/2"]
[WhiteTitle "FM"]
[BlackTitle "WFM"]
[WhiteElo "2318"]
[BlackElo "2081"]
[WhiteFideId "1001396"]
[BlackFideId "1002732"]
[EventDate "2010.10.22"]

1. d4 d5 2. c4 Bf5 3. cxd5 Bxb1 4. Qa4+ c6 5. dxc6 Nxc6 6. Rxb1 Qxd4 7. Qxd4
Nxd4 8. e3 Nc6 9. b4 e6 10. a3 Nf6 11. Bb2 Bd6 12. Nf3 O-O 13. Bd3 Rfd8 14. Ke2
Rac8 15. Rhc1 Nd5 16. Ng5 h6 17. Ne4 Bb8 18. Nc5 Ne5 19. Bb5 a6 20. Ba4 b5 21.
Bb3 Rc6 22. g3 Ng6 23. f4 Ba7 24. Kf3 Nde7 25. Bd4 Bb8 26. Rd1 Rdc8 27. e4 e5
28. Be3 exf4 29. gxf4 Nxf4 30. Bxf4 Rf6 31. Rd7 Bxf4 32. Ke2 Ng6 33. Rf1 Re8 34.
Ra7 Ne5 35. Bd5 g5 36. h3 Rd6 37. Rxa6 Rxa6 38. Nxa6 Nc4 39. Nc7 Re5 40. Ra1 1/2-1/2

[Event "Unive Open"]
[Site "Hoogeveen NED"]
[Date "2010.10.27"]
[Round "6"]
[White "Stavast, Dick"]
[Black "L'Ami, Alina"]
[Result "0-1"]
[BlackTitle "WGM"]
[WhiteElo "2048"]
[BlackElo "2339"]
[WhiteFideId "1014005"]
[BlackFideId "1210246"]
[EventDate "2010.10.22"]

1. Nf3 Nf6 2. g3 g6 3. Bg2 Bg7 4. d3 O-O 5. e4 d6 6. O-O c5 7. c4 Nc6 8. Nc3 Rb8
9. h3 a6 10. a4 Ne8 11. Be3 Nc7 12. Qd2 Ne6 13. Nd5 b5 14. cxb5 axb5 15. a5 b4
16. Ra2 Ra8 17. Rfa1 Ra6 18. Bf1 Ned4 19. Bxd4 Nxd4 20. Nxd4 Bxd4 21. Nf4 e5 22.
Nd5 f5 23. Kg2 f4 24. Nb6 Be6 25. Nc4 fxg3 26. fxg3 Qd7 27. Ne3 Bxa2 28. Rxa2
Qf7 29. Ra1 Qf3+ 0-1

[Event "Unive Open"]
[Site "Hoogeveen NED"]
[Date "2010.10.27"]
[Round "6"]
[White "Afek, Yochanan"]
[Black "Mellema, Andries"]
[Result "0-1"]
[WhiteTitle "IM"]
[WhiteElo "2269"]
[BlackElo "2153"]
[WhiteFideId "2800462"]
[BlackFideId "1011464"]
[EventDate "2010.10.22"]

1. c4 g6 2. g3 Bg7 3. Bg2 Nf6 4. Nc3 O-O 5. Nf3 c6 6. d4 d5 7. O-O Ne4 8. Qb3
dxc4 9. Qxc4 Be6 10. Qd3 Nxc3 11. bxc3 c5 12. Qb5 Qb6 13. Rb1 Bxa2 14. Qxb6 axb6
15. Rxb6 Bd5 16. Ne5 Bxg2 17. Kxg2 cxd4 18. cxd4 Nc6 19. Nxc6 bxc6 20. e3 Rfc8
21. Bd2 c5 22. d5 Ra2 23. Rd1 Rd8 24. e4 Bd4 25. Rb7 Kf8 26. Rc7 Rb8 27. Kf3
Rbb2 28. Be1 h5 29. g4 Rb3+ 30. Kf4 f6 31. Rc8+ Kf7 32. gxh5 gxh5 33. Rxd4 Raa3 0-1

[Event "Unive Open"]
[Site "Hoogeveen NED"]
[Date "2010.10.27"]
[Round "6"]
[White "Overeem, Marc"]
[Black "Hoffman, Ron"]
[Result "0-1"]
[WhiteTitle "FM"]
[WhiteElo "2224"]
[BlackElo "2123"]
[WhiteFideId "1004972"]
[BlackFideId "1007599"]
[EventDate "2010.10.22"]

1. e4 c5 2. Nf3 Nc6 3. Bb5 g6 4. O-O Bg7 5. Re1 e5 6. Bxc6 dxc6 7. d3 Nh6 8.
Nbd2 O-O 9. Nc4 f6 10. Be3 Qe7 11. h3 Nf7 12. Nfd2 f5 13. exf5 gxf5 14. Qh5 b6
15. f4 Be6 16. fxe5 b5 17. Na5 Nxe5 18. Bf4 Ng6 19. Bh6 Bd4+ 20. Kh1 Qd6 21.
Bxf8 Rxf8 22. Nf3 Bd5 23. c4 bxc4 24. dxc4 Be4 25. Rxe4 fxe4 26. Ng5 Qd7 27.
Nxe4 Rf5 28. Qg4 Qf7 29. Qe2 Ne5 30. Nd6 Rf2 31. Nxf7 Rxe2 32. Nxe5 Bxe5 33.
Nxc6 Bxb2 34. Rb1 Bc3 35. a3 a6 36. Rb3 Be1 37. Ne7+ Rxe7 0-1

[Event "Unive Open"]
[Site "Hoogeveen NED"]
[Date "2010.10.27"]
[Round "6"]
[White "Hovenga, Alje"]
[Black "Van Foreest, Jorden"]
[Result "1-0"]
[WhiteElo "2176"]
[BlackElo "1954"]
[WhiteFideId "1005812"]
[BlackFideId "1039784"]
[EventDate "2010.10.22"]

1. d4 d5 2. c4 c6 3. Nf3 Nf6 4. Nc3 e6 5. Bg5 Nbd7 6. e3 Be7 7. Bd3 O-O 8. O-O
dxc4 9. Bxc4 b5 10. Bd3 a6 11. a4 b4 12. Bxf6 Nxf6 13. Ne4 Nd7 14. Qc2 Qa5 15.
Qxc6 Rb8 16. Rfc1 Rd8 17. Qc7 Qd5 18. Ng3 Qd6 19. Qxd6 Bxd6 20. Rc6 Rb6 21. Rxb6
Nxb6 22. a5 Nd7 23. Rc1 Bb7 24. Ne4 Be7 25. Rc7 Bc8 26. Kf1 f5 27. Neg5 Bd6 28.
Rc1 Nb8 29. Bc4 Re8 30. Ne5 Bxe5 31. dxe5 h6 32. Nf3 Nc6 33. Ra1 Kf7 34. Bb3 Rd8
35. Rc1 Nxa5 36. Ba4 Bd7 37. Rc7 Ke8 38. Bd1 Bb5+ 39. Ke1 Rd7 40. Rc8+ Rd8 41.
Rc7 Rd7 42. Rc8+ Rd8 43. Rc5 Nc4 44. Be2 Nxb2 45. Bxb5+ axb5 46. Rxb5 Nd3+ 47.
Kf1 Rd5 48. Rxd5 exd5 49. Ke2 Nc5 50. Nd4 g6 51. f3 Ke7 52. Kd2 g5 53. Nxf5+ Ke6
54. Nxh6 Kxe5 55. Ng4+ Kf5 56. Nf2 Ke6 57. Nd3 Na6 58. Kc2 d4 59. e4 Kd6 60. g3
Nc7 61. Nxb4 Kc5 62. Nd3+ Kc4 63. Ne5+ Kc5 64. Kd3 Na6 65. Kd2 Nb4 66. Nd3+ 1-0

[Event "Unive Open"]
[Site "Hoogeveen NED"]
[Date "2010.10.27"]
[Round "6"]
[White "Zuiderweg, Edwin"]
[Black "Pijpers, Arthur"]
[Result "0-1"]
[WhiteElo "2044"]
[BlackElo "2248"]
[WhiteFideId "1012207"]
[BlackFideId "1019554"]
[EventDate "2010.10.22"]

1. e4 c5 2. Nf3 d6 3. d4 cxd4 4. Nxd4 Nf6 5. Nc3 a6 6. Bg5 Nbd7 7. f4 Qc7 8. Qf3
h6 9. Bh4 g5 10. Bg3 gxf4 11. Bxf4 e5 12. Be3 exd4 13. Bxd4 Be7 14. Nd5 Qd8 15.
O-O-O Rf8 16. Ne3 Qa5 17. Nf5 Qxa2 18. Ng7+ Kd8 19. e5 Nxe5 20. Bxe5 Qa1+ 21.
Kd2 Qa5+ 22. Bc3 Qg5+ 23. Qe3 Qxg7 24. Qb6+ Ke8 25. Kc1 Qg5+ 26. Kb1 Nd5 27.
Bb5+ axb5 28. Qxb5+ Bd7 29. Qxd5 Qxd5 30. Rxd5 Be6 31. Rb5 Ba2+ 32. Kc1 Bc4 33.
Ra5 Kd7 34. b3 Rxa5 35. Bxa5 Bd5 0-1

[Event "Unive Open"]
[Site "Hoogeveen NED"]
[Date "2010.10.27"]
[Round "6"]
[White "Sekandar, Kambiz"]
[Black "Van Geffen, Ben"]
[Result "1/2-1/2"]
[WhiteElo "1877"]
[BlackElo "2171"]
[WhiteFideId "11700939"]
[BlackFideId "1009370"]
[EventDate "2010.10.22"]

1. e4 c5 2. c3 d6 3. d4 Nf6 4. d5 g6 5. f4 Bg7 6. Nf3 O-O 7. Bd3 e6 8. O-O exd5
9. exd5 Nxd5 10. Bxg6 hxg6 11. Qxd5 Qf6 12. f5 Qxf5 13. Qxd6 Nc6 14. Be3 c4 15.
Na3 Qd3 16. Qf4 Re8 17. Bf2 Re4 18. Qc7 Re7 19. Qf4 Re4 20. Qc7 Re7 1/2-1/2

[Event "Unive Open"]
[Site "Hoogeveen NED"]
[Date "2010.10.27"]
[Round "6"]
[White "Vroombout, Enrico"]
[Black "Klapwijk, Bram"]
[Result "1-0"]
[WhiteElo "2147"]
[BlackElo "2022"]
[WhiteFideId "1008730"]
[BlackFideId "1009133"]
[EventDate "2010.10.22"]

1. e4 c5 2. Nf3 e6 3. d4 cxd4 4. Nxd4 Nf6 5. Nc3 d6 6. g4 h6 7. Be3 Be7 8. Qe2
a6 9. O-O-O Nc6 10. Rg1 Qc7 11. h4 Nxd4 12. Rxd4 Nh7 13. g5 hxg5 14. hxg5 Nf8
15. f4 g6 16. Kb1 b5 17. Bg2 Rb8 18. a3 Nd7 19. Rdd1 Nb6 20. Rh1 Rg8 21. Rh7 Bf8
22. Bd4 Bb7 23. Nd5 exd5 24. exd5+ Be7 25. Bf6 Kf8 26. Re1 Bxf6 27. gxf6 Nxd5
28. Bxd5 Bxd5 29. Qh2 Re8 30. Qh6+ 1-0

[Event "Unive Open"]
[Site "Hoogeveen NED"]
[Date "2010.10.27"]
[Round "6"]
[White "Lommers, Frank"]
[Black "Van Der Veen, Jan"]
[Result "0-1"]
[WhiteElo "2191"]
[BlackElo "2131"]
[WhiteFideId "1010107"]
[BlackFideId "1005570"]
[EventDate "2010.10.22"]

1. c4 Nf6 2. g3 g6 3. Bg2 Bg7 4. Nc3 O-O 5. d3 d6 6. Bg5 h6 7. Bd2 e5 8. e4 Nc6
9. Nge2 Kh7 10. O-O Ng8 11. f4 f5 12. exf5 Bxf5 13. Be3 Qd7 14. Nd5 Nf6 15.
Nxf6+ Bxf6 16. Qd2 Bg7 17. Rfe1 Bg4 18. Rab1 Rae8 19. Kh1 exf4 20. gxf4 Bh3 21.
Be4 Ne7 22. Bg1 Nf5 23. Bf2 c6 24. Nc3 Re6 25. d4 Ref6 26. Qd3 Ne7 27. Bh4 d5
28. cxd5 cxd5 29. Nxd5 Nxd5 30. Bxf6 Rxf6 31. Bxg6+ Rxg6 32. Rg1 Nxf4 0-1

[Event "Unive Open"]
[Site "Hoogeveen NED"]
[Date "2010.10.27"]
[Round "6"]
[White "Poelstra, Ben"]
[Black "Hendriks, Richard"]
[Result "0-1"]
[WhiteElo "2148"]
[BlackElo "2110"]
[WhiteFideId "1018604"]
[BlackFideId "1006096"]
[EventDate "2010.10.22"]

1. e4 c5 2. c3 g6 3. d4 cxd4 4. cxd4 d5 5. exd5 Nf6 6. Nc3 Nxd5 7. Nf3 Bg7 8.
Qb3 Nxc3 9. bxc3 O-O 10. Be2 Nc6 11. O-O Qc7 12. Be3 Na5 13. Qb4 Be6 14. c4 Rfd8
15. Rac1 Nc6 16. Qd2 Bg4 17. d5 e5 18. c5 e4 19. Ng5 Bxe2 20. Qxe2 Rxd5 21. Nxe4
Re8 22. Nd6 Re6 23. Qc4 Rh5 24. Bf4 Be5 25. Rfe1 Qe7 26. g3 Nd4 27. Rc3 Bxf4 28.
Rxe6 Nxe6 29. gxf4 Rxc5 30. Nc8 Qc7 0-1

[Event "Unive Open"]
[Site "Hoogeveen NED"]
[Date "2010.10.28"]
[Round "7"]
[White "Kempinski, Robert"]
[Black "Nijboer, Friso"]
[Result "0-1"]
[WhiteTitle "GM"]
[BlackTitle "GM"]
[WhiteElo "2615"]
[BlackElo "2582"]
[WhiteFideId "1105663"]
[BlackFideId "1000063"]
[EventDate "2010.10.22"]

1. Nf3 Nf6 2. c4 g6 3. g3 Bg7 4. Bg2 O-O 5. O-O d6 6. d4 Nc6 7. Nc3 Rb8 8. h3 a6
9. e4 b5 10. e5 Nd7 11. cxb5 axb5 12. Ng5 dxe5 13. Bxc6 exd4 14. Nxb5 Rb6 15.
Na7 Ra6 16. Nxc8 Rxc6 17. Na7 Rb6 18. Qa4 Nb8 19. Qc4 c6 20. Bf4 e5 21. Bd2 Ra6
22. Bb4 Qxg5 23. Bxf8 Bxf8 24. Nb5 cxb5 25. Qxb5 Qd8 26. Qxe5 d3 27. Rfd1 d2 28.
a4 Bb4 29. Qf4 Nc6 30. Qc4 Rb6 31. b3 Na5 32. Qe4 Qb8 33. Qf3 Qe5 34. Ra2 Rf6
35. Qe3 Qxe3 36. fxe3 Rf3 37. Rdxd2 Bxd2 38. Rxd2 Nxb3 39. Rd3 Nc5 0-1

[Event "Unive Open"]
[Site "Hoogeveen NED"]
[Date "2010.10.28"]
[Round "7"]
[White "Ikonnikov, Vyacheslav"]
[Black "Ernst, Sipke"]
[Result "1/2-1/2"]
[WhiteTitle "GM"]
[BlackTitle "GM"]
[WhiteElo "2571"]
[BlackElo "2587"]
[WhiteFideId "4100972"]
[BlackFideId "1004689"]
[EventDate "2010.10.22"]

1. d4 d5 2. Nf3 Nf6 3. c4 c6 4. Nc3 e6 5. Bg5 dxc4 6. a4 Bb4 7. e4 c5 8. Bxc4
cxd4 9. Bb5+ Nc6 10. Nxd4 Bd7 11. Nxc6 bxc6 12. Bd3 Qa5 13. Qd2 Rd8 14. O-O Bc8
15. Bxf6 gxf6 1/2-1/2